ბათუმის შოთა რუსთაველის სახელმწიფო უნივერსიტეტის ბიბლიოთეკა

მატემატიკა 11 კლ. : (ბიბ.ჩანაწერი № 51022)

000 -ლიდერი
ფიქსირებული სიგრძის საკონტროლო ველი 01107nam a2200253Ia 4500
001 - საკონტროლო ნომერი
საკონტროლო ველი 17979
003 - საკონტროლო ნომრის იდენტიფიკატორი
საკონტროლო ველი GE_BSU
005 - ბოლო ოპერაციის თარიღი და დრო
საკონტროლო ველი 20250228121915.0
008 - ფიქსირებული სიგრძის მონაცემთა ელემენტები - ზოგადი ინფორმაცია
ფიქსირებული სიგრძის საკონტროლო ველი 181216s2012||||ge |||||||||||||| ||geo||
020 ## - წიგნის საერთაშორისო სტანდარტული ნომერი
International Standard Book Number 9789941156373
040 ## - კატალოგიზაციის წყარო
Transcribing agency GE_BSU
041 ## - ენის კოდი
Language code of text/sound track or separate title geo
080 ## - უნივერსალური ათობითი კლასიფიკაციის ინდექსი
Universal Decimal Classification number 51(075.3) მ-15
100 ## - მთავარი ჩანაწერი - პიროვნების სახელი
Personal name ჯაფარიძე, ნანა
9 (RLIN) 24429
245 ## - ცნობა სათაურის შესახებ
Title მატემატიკა 11 კლ. :
Remainder of title მოსწავლის წიგნი /
Statement of responsibility, etc ნანა ჯაფარიძე, მაია წილოსანი, ნანი წულაია.
264 ## - წარმოების, გამოცემის, დისტრიბუციის და სხვა ცნობები
გამოცემის, წარმოების, დისტრიბუციის... ადგილი თბილისი :
გამოცემის, წარმოების, დისტრიბუციის... სახელწოდება ბაკურ სულაკაურის გამ-ბა,
გამოცემის, წარმოების, დისტრიბუციის... თარიღი 2012.
300 ## - ფიზიკური აღწერა
Extent 264 გვ. :
Other physical details ილ. ;
Dimensions 27 სმ.
653 ## - INDEX TERM--UNCONTROLLED
Uncontrolled term მატემატიკა 11
653 ## - INDEX TERM--UNCONTROLLED
Uncontrolled term მოსწავლის წიგნი
700 ## - ADDED ENTRY--PERSONAL NAME
Personal name ჯაფარიძე, ნანა
Relator term ავტორი
9 (RLIN) 24430
700 ## - ADDED ENTRY--PERSONAL NAME
Personal name წილოსანი, მაია
Relator term ავტორი
9 (RLIN) 24431
700 ## - ADDED ENTRY--PERSONAL NAME
Personal name წულაია, ნანი
Relator term ავტორი
9 (RLIN) 24432
942 ## - ADDED ENTRY ELEMENTS (KOHA)
Koha item type წიგნი
Source of classification or shelving scheme
ეგზემპლარები
ჩამოწერის სტატუსი დაკარგული ეგზემპლარის სტატუსი კლასიფიკაციის წყარო ან თაროზე გაწყობის სქემა დაზიანების სტატუსი არ გაიცემა მუდმივი მდებარეობა (დაცვის ადგილი) ამჟამინდელი ადგილსამყოფელი თაროზე განთავსების ადგილი შეძენის თარიღი სრული შენახვის შიფრი შტრიხკოდი ბოლო ოპერაციის თარიღი ეგზემპლარის მიმდევრობითი ნომერი (კეტერი?) ფასის ძალაში შესვლის თარიღი ეგზემპლარის სახეობა
          ბათუმის შოთა რუსთაველის სახელმწიფო უნივერსიტეტის მთავარი ბიბლიოთეკა ბათუმის შოთა რუსთაველის სახელმწიფო უნივერსიტეტის მთავარი ბიბლიოთეკა წიგნსაცავი 2018-12-17 51(075.3) მ-15 27767 2018-12-17 27767 2018-12-17 წიგნი